Statistics for Ireland True or False?

Click here to take the quiz!

General Stats

  • This quiz has been taken 29,017 times
    (28,975 since last reset)
  • The average score is 11 of 15

Answer Stats

QuestionAnswer% Correct
Belfast is the capital of the Republic of IrelandFalse
91%
Ireland's currency is the EuroTrue
91%
Lucky Charms is Ireland's most popular cerealFalse
79%
Colcannon is Ireland's third-largest cityFalse
78%
The Irish drive on the leftTrue
78%
The Government of Ireland does not officially recognise the term "British Isles"True
78%
There are no wild snakes in IrelandTrue
78%
About 40% of Irish citizens speak Irish as their primary languageFalse
76%
James Bond has been played by an Irish actorTrue
73%
The population of Ireland is lower today than it was before the Great Famine of 1845–1852True
70%
Caber tossing is a traditional Irish sportFalse
61%
Saint Patrick's Day is celebrated on the supposed date of his deathTrue
60%
James Joyce's novel "Ulysses" takes place in ancient GreeceFalse
59%
No country has won the Eurovision song contest more times than IrelandTrue
58%
The 1916 Christmas Rising was an insurrection against British ruleFalse
31%

Score Distribution

Percentile by Number Answered

Percent of People with Each Score

Your Score History

You have not taken this quiz since the last reset